[Event "Sitges Sunway op-B 6th"]
[Site "Sitges"]
[Date "2019.12.18"]
[Round "6.33"]
[White "Gniado, Radoslaw"]
[Black "Henderson Franklin, Matthew"]
[Result "1/2-1/2"]
[WhiteElo "1819"]
[BlackElo "1611"]
[PlyCount "90"]
[EventDate "2019.12.13"]
[EventType "swiss"]
[EventRounds "10"]
[EventCountry "ESP"]
[SourceTitle "EXT 2024"]
[Source "ChessBase"]
[SourceDate "2023.10.10"]
[SourceVersion "1"]
[SourceVersionDate "2023.10.10"]
[SourceQuality "1"]

1. d4 Nf6 2. Bf4 g6 3. e3 Bg7 4. Nf3 0-0 5. Nbd2 d6 6. Be2 Nbd7 7. 0-0 h6 8. h3 Nh7 9. c3 e5 10. dxe5 dxe5 11. Bg3 f5 12. Qc2 Qe8 13. Rfe1 Kh8 14. Bh2 Nb6 15. Nc4 Nxc4 16. Bxc4 Qe7 17. Rad1 Ng5 18. Nxg5 Qxg5 19. f4 Qe7 20. fxe5 Bxe5 21. Bxe5+ Qxe5 22. Qd2 Be6 23. Bxe6 Qxe6 24. Qd7 Qb6 25. Rd4 Rad8 26. Qe7 Rde8 27. Qh4 g5 28. Qh5 Re7 29. Qe2 Rfe8 30. Qd2 f4 31. e4 Rxe4 32. Rexe4 Rxe4 33. Kh2 Rxd4 34. cxd4 Qe6 35. Qb4 b6 36. Qf8+ Kh7 37. Qd8 Qd6 38. Qc8 f3+ 39. g3 Kg6 40. Qe8+ Kg7 41. Qe4 Qf6 42. Kg1 f2+ 43. Kf1 Qf7 44. Qe5+ Kg8 45. b3 a5 1/2-1/2

[Event "Douglas IoM op-C"]
[Site "Douglas"]
[Date "2018.10.23"]
[Round "2"]
[White "Minor, Harry"]
[Black "Henderson Franklin, Matthew"]
[Result "0-1"]
[WhiteElo "1522"]
[BlackElo "1598"]
[PlyCount "90"]
[EventDate "2018.10.22"]
[EventType "swiss"]
[EventRounds "7"]
[EventCountry "IOM"]
[SourceTitle "CBM 187 Extra"]
[Source "ChessBase"]
[SourceDate "2018.11.04"]
[SourceVersion "1"]
[SourceVersionDate "2018.11.04"]
[SourceQuality "1"]

1. e4 e6 2. d4 d5 3. Nc3 Bb4 4. e5 c5 5. a3 Bxc3+ 6. bxc3 Qa5 7. Bd2 Qa4 8. Nf3 Nc6 9. Be3 c4 10. Be2 Bd7 11. 0-0 0-0-0 12. Qb1 Nge7 13. Bg5 h6 14. Bxe7 Nxe7 15. Rc1 Nc6 16. Qb2 g5 17. Rcb1 b6 18. Ne1 h5 19. g4 f5 20. exf6 e5 21. Qb5 Nxd4 22. Qxd7+ Qxd7 23. cxd4 e4 24. h3 e3 25. fxe3 Qd6 26. Ng2 Qg3 27. Rf1 Qxh3 28. Rf3 Qxg4 29. Re1 Qe4 30. c3 Qc2 31. Rg3 Qg6 32. e4 Qxf6 33. exd5 b5 34. Rf3 Qd6 35. Ne3 g4 36. Nf5 Qxa3 37. Re3 Kb8 38. Ne7 Rdf8 39. Nc6+ Ka8 40. Re7 Re8 41. Bf1 Rxe7 42. Rxe7 Rf8 43. d6 Qa1 44. Rxa7+ Qxa7 45. Nxa7 Kxa7 0-1